F1-Match the Grand Prix with the winner - Statistics

General Stats
  • This quiz has been taken 25 times
    24 since last reset
  • The average score is 22 of 34
Answer Stats
Hint Answer % Correct
Max Verstappen 2021 American Grand Prix
100%
John Surtees 1964 German Grand Prix
88%
Ayrton Senna 1991 Brazilian Grand Prix
88%
Kimi Raikkonen 2004 Belgian Grand Prix
88%
Fernando Alonso 2006 Spanish Grand Prix
88%
Nico Rosberg 2014 Australian Grand Prix
88%
Lando Norris 2024 Singapore Grand Prix
88%
Alberto Ascari 1953 British Grand Prix
75%
Nino Farina 1953 German Grand Prix
75%
Graham Hill 1964 Monaco Grand Prix
75%
Jochen Rindt 1970 British Grand Prix
75%
Alain Prost 1990 Mexican Grand Prix
75%
Michael Schumacher 2000 Japanese Grand Prix
75%
Phil Hill 1960 Italian Grand Prix
63%
Denny Hulme 1968 Italian Grand Prix
63%
Niki Lauda 1975 Swedish Grand Prix
63%
James Hunt 1976 Dutch Grand Prix
63%
Alan Jones 1979 Dutch Grand Prix
63%
Jody Scheckter 1979 Italian Grand Prix
63%
Keke Rosberg 1985 Australian Grand Prix
63%
Jacques Villeneuve 1997 Argentine Grand Prix
63%
Lewis Hamilton 2015 Australian Grand Prix
63%
Sebastian Vettel 2018 Canadian Grand Prix
63%
Mike Hawthorn 1954 Spanish Grand Prix
50%
Juan Manuel Fangio 1957 German Grand Prix
50%
Nelson Piquet 1986 Hungarian Grand Prix
50%
Nigel Mansell 1987 Austrian Grand Prix
50%
Mika Hakkinen 1997 European Grand Prix
50%
Damon Hill 1998 Belgian Grand Prix
50%
Jim Clark 1966 American Grand Prix
38%
Jack Brabham 1970 South African Grand Prix
38%
Mario Andretti 1971 South African Grand Prix
38%
Jackie Stewart 1973 Belgian Grand Prix
38%
Emerson Fittipaldi 1972 Spanish Grand Prix
25%
No matching quizzes found
Score Distribution
Percent of People with Each Score
Percentile by Number Answered
Your Score History
You have not taken this quiz since the last reset